[Event "9th Novi Sad it"]
[Site "Novi Sad"]
[Date "1982.10.13"]
[EventDate "1982.10.08"]
[Round "5.7"]
[White "Gligoric, Svetozar"]
[Black "Nikolic, Predrag"]
[Result "0-1"]
[WhiteElo "2530"]
[BlackElo "2530"]
[PlyCount "78"]
[Source "Perpetual Check"]

1. d4 Nf6 2. c4 e6 3. Nc3 Bb4 4. e3 c5 5. Bd3 Nc6 6. Nf3 Bxc3+ 7. bxc3 d6 8. e4
e5 9. d5 Ne7 10. Rb1 h6 11. h4 Qc7 12. Nh2 h5 13. Nf1 Bd7 14. Ng3 O-O-O 15. Bg5
Neg8 16. O-O Rf8 17. Re1 Kb8 18. Re2 Bg4 19. f3 Bc8 20. Reb2 Nd7 21. Qb3 f6 22.
Be3 Ne7 23. a4 Ka8 24. Qa3 Nb8 25. a5 Na6 26. Bc2 Rfg8 27. Ba4 g5 28. hxg5 fxg5
29. Bb5 Nb8 30. Nf1 g4 31. f4 exf4 32. Bxf4 Ng6 33. Rf2 h4 34. e5 g3 35. Rf3
Nxf4 36. Rxf4 dxe5 37. Rf6 h3 38. a6 hxg2 39. axb7+ Bxb7 0-1

[Event "9th Novi Sad it"]
[Site "Novi Sad"]
[Date "1982.10.14"]
[EventDate "1982.10.08"]
[Round "6.1"]
[White "Gheorghiu, Florin"]
[Black "Nikolic, Predrag"]
[Result "1/2-1/2"]
[WhiteElo "2535"]
[BlackElo "2530"]
[PlyCount "50"]
[Source "Perpetual Check"]

1. d4 d5 2. c4 dxc4 3. Nf3 Nf6 4. e3 e6 5. Bxc4 a6 6. Qe2 b5 7. Bd3 c5 8. dxc5
Nc6 9. Nc3 Bxc5 10. O-O Nb4 11. Bb1 Bb7 12. e4 Qc7 13. e5 Nd7 14. Bf4 Nf8 15.
Be4 Ng6 16. Bg3 O-O 17. Rac1 Qb6 18. Bxb7 Qxb7 19. a3 Nc6 20. Ne4 Be7 21. Nd6
Bxd6 22. exd6 Rfd8 23. Rfd1 Rac8 24. h4 Nf8 25. h5 f6 1/2-1/2

[Event "9th Novi Sad it"]
[Site "Novi Sad"]
[Date "1982.10.14"]
[EventDate "1982.10.08"]
[Round "6.2"]
[White "Deze, Anton"]
[Black "Gligoric, Svetozar"]
[Result "0-1"]
[WhiteElo "2435"]
[BlackElo "2530"]
[PlyCount "80"]
[Source "Perpetual Check"]

1. c4 c5 2. Nf3 Nf6 3. Nc3 Nc6 4. e3 g6 5. d4 Bg7 6. d5 Na5 7. e4 d6 8. h3 O-O
9. Be3 e5 10. Qd2 Bd7 11. Bh6 a6 12. Bxg7 Kxg7 13. Qc2 Rb8 14. a4 Nh5 15. Nd2
f5 16. g3 Qg5 17. h4 Qh6 18. Bh3 Kh8 19. Ne2 b6 20. Ra3 Qg7 21. exf5 gxf5 22.
Rf3 Qg6 23. Ra3 Rbe8 24. Nf3 Ng7 25. O-O Re7 26. Re1 Nh5 27. Bg2 Rg7 28. Nd2
Qh6 29. Qc3 Nf6 30. b4 Nb7 31. b5 a5 32. Qc1 Qh5 33. Nf3 Nd8 34. Ng5 h6 35. Nh3
Rfg8 36. f4 Ne4 37. Kh2 Nf7 38. Bf3 Qg6 39. h5 Qf6 40. Rg1 {time} 0-1

[Event "9th Novi Sad it"]
[Site "Novi Sad"]
[Date "1982.10.14"]
[EventDate "1982.10.08"]
[Round "6.4"]
[White "Romanishin, Oleg"]
[Black "Kurajica, Bojan"]
[Result "1-0"]
[WhiteElo "2585"]
[BlackElo "2545"]
[PlyCount "99"]
[Source "Perpetual Check"]

1. Nf3 Nf6 2. c4 e6 3. g3 d5 4. Bg2 dxc4 5. Qa4+ Nbd7 6. Qxc4 c5 7. Qb3 Qc7 8.
O-O b6 9. d4 Bb7 10. Nc3 Nd5 11. Nb5 Qc8 12. e4 Nc7 13. Nc3 cxd4 14. Nxd4 Bc5
15. Be3 O-O 16. Rac1 Qe8 17. Na4 Na6 18. Rfd1 Nf6 19. Nb5 Bxe3 20. fxe3 Bc6 21.
Nac3 Ng4 22. Nd6 Qe7 23. Qc4 Qg5 24. Re1 Nc5 25. Qe2 Ne5 26. Red1 Rad8 27. Rd4
Nb7 28. Rcd1 Nxd6 29. Rxd6 Bb7 30. R6d4 Ba6 31. Qf2 Rc8 32. Qf4 Qh5 33. g4 Nxg4
34. Bf3 e5 35. Qxg4 Qxg4+ 36. Bxg4 exd4 37. Bxc8 Rxc8 38. exd4 f6 39. Kf2 Kf7
40. Ke3 g5 41. Rd2 Kg6 42. Rf2 Rf8 43. d5 Rf7 44. Kd4 h5 45. d6 Rd7 46. e5
fxe5+ 47. Kxe5 Rf7 48. Rxf7 Kxf7 49. Ne4 g4 50. Nf6 1-0

[Event "9th Novi Sad it"]
[Site "Novi Sad"]
[Date "1982.10.14"]
[EventDate "1982.10.08"]
[Round "6.5"]
[White "Quinteros, Miguel Angel"]
[Black "Bjelajac, Milan"]
[Result "1-0"]
[WhiteElo "2520"]
[BlackElo "2400"]
[PlyCount "133"]
[Source "Perpetual Check"]

1. e4 e6 2. d3 c5 3. Nf3 Nc6 4. g3 d5 5. Nbd2 Nf6 6. Bg2 Be7 7. O-O O-O 8. Re1
Nd7 9. e5 Qc7 10. Qe2 b6 11. h4 Ba6 12. Nf1 Rfe8 13. Bf4 Nf8 14. h5 h6 15. N1h2
Nh7 16. Qd2 c4 17. dxc4 Bxc4 18. Ng4 Bf8 19. c3 Rad8 20. Qc2 a5 21. Rad1 Ba6
22. Rd2 Ra8 23. a3 Rec8 24. Rc1 Nd8 25. Nd4 Nc6 26. Nxc6 Qxc6 27. Be3 Rab8 28.
Qd1 Qe8 29. f4 Kh8 30. Bd4 Bc5 31. Ne3 Bxd4 32. cxd4 Rxc1 33. Qxc1 Rc8 34. Rc2
Rxc2 35. Qxc2 Qc8 36. Qxc8+ Bxc8 37. Bf1 Bd7 38. Nd1 Nf8 39. Nc3 Kg8 40. Nb5
Bc6 41. Kf2 f5 42. Nd6 Bd7 43. Ke3 g6 44. hxg6 Nxg6 45. Be2 Ne7 46. Kd2 Nc8 47.
Nxc8 Bxc8 48. Bb5 Kf7 49. Ke3 Kf8 50. Kf3 Ke7 51. Kg2 Bd7 52. Bxd7 Kxd7 53. Kh3
Ke7 54. g4 fxg4+ 55. Kxg4 Kf7 56. f5 exf5+ 57. Kxf5 a4 58. Kg4 Kg6 59. Kh4 h5
60. e6 Kf6 61. Kxh5 Kxe6 62. Kg6 b5 63. Kg5 Kd6 64. Kf6 b4 65. axb4 Kc6 66. Ke6
Kb6 67. Kd6 1-0

[Event "9th Novi Sad it"]
[Site "Novi Sad"]
[Date "1982.10.14"]
[EventDate "1982.10.08"]
[Round "6.6"]
[White "Razuvaev, Yury"]
[Black "Smejkal, Jan"]
[Result "1/2-1/2"]
[WhiteElo "2495"]
[BlackElo "2565"]
[PlyCount "65"]
[Source "Perpetual Check"]

1. d4 Nf6 2. c4 g6 3. Nc3 d5 4. Nf3 Bg7 5. cxd5 Nxd5 6. e4 Nxc3 7. bxc3 c5 8.
Rb1 O-O 9. Be2 Nc6 10. d5 Ne5 11. Nxe5 Bxe5 12. Qd2 e6 13. f4 Bg7 14. d6 b6 15.
O-O Bb7 16. Bf3 e5 17. Bb2 Qd7 18. c4 f6 19. Rbd1 Rad8 20. fxe5 fxe5 21. Qg5
Qe8 22. Qe7 Rd7 23. Qxe8 Rxe8 24. Bg4 Rdd8 25. d7 Re7 26. Rd6 Bxe4 27. Be6+ Kh8
28. Re1 Bf5 29. Rxe5 h5 30. Bxf5 Bxe5 31. Bxe5+ Rxe5 32. Bxg6 Kg7 33. Be8
1/2-1/2

[Event "9th Novi Sad it"]
[Site "Novi Sad"]
[Date "1982.10.15"]
[EventDate "1982.10.08"]
[Round "7.1"]
[White "Ribli, Zoltan"]
[Black "Gheorghiu, Florin"]
[Result "1/2-1/2"]
[WhiteElo "2580"]
[BlackElo "2535"]
[PlyCount "37"]
[Source "Perpetual Check"]

1. Nf3 c5 2. c4 g6 3. e4 Bg7 4. d4 Qa5+ 5. Bd2 Qb6 6. Bc3 cxd4 7. Bxd4 Bxd4 8.
Qxd4 Qxd4 9. Nxd4 Nc6 10. Nb5 Rb8 11. N1c3 Nf6 12. Nc7+ Kf8 13. N7d5 Kg7 14.
Kd2 d6 15. Nxf6 Kxf6 16. Bd3 Be6 17. Nd5+ Kg7 18. Rhc1 Rhc8 19. Rab1 1/2-1/2

[Event "9th Novi Sad it"]
[Site "Novi Sad"]
[Date "1982.10.15"]
[EventDate "1982.10.08"]
[Round "7.2"]
[White "Smejkal, Jan"]
[Black "Van der Wiel, John"]
[Result "1/2-1/2"]
[WhiteElo "2565"]
[BlackElo "2520"]
[PlyCount "44"]
[Source "Perpetual Check"]

1. c4 Nf6 2. Nc3 e6 3. Nf3 Bb4 4. Qc2 O-O 5. a3 Bxc3 6. Qxc3 b6 7. b4 a5 8. Bb2
Qe7 9. e3 axb4 10. axb4 Rxa1+ 11. Bxa1 Na6 12. b5 Nc5 13. Be2 Bb7 14. O-O Ra8
15. Qc2 Qd8 16. Bxf6 gxf6 17. d4 Ne4 18. d5 f5 19. Nd4 Qf6 20. Rd1 Ra3 21. Qb2
Ra4 22. Qc2 Ra3 1/2-1/2

[Event "9th Novi Sad it"]
[Site "Novi Sad"]
[Date "1982.10.15"]
[EventDate "1982.10.08"]
[Round "7.3"]
[White "Bjelajac, Milan"]
[Black "Razuvaev, Yury"]
[Result "1/2-1/2"]
[WhiteElo "2400"]
[BlackElo "2495"]
[PlyCount "27"]
[Source "Perpetual Check"]

1. e4 c5 2. c3 d5 3. exd5 Qxd5 4. d4 e6 5. Nf3 Nf6 6. Bd3 Be7 7. O-O O-O 8. c4
Qh5 9. Be2 Rd8 10. Ng5 Qg6 11. Bd3 Qh5 12. Be2 Qg6 13. Bd3 Qh5 14. Be2 1/2-1/2

[Event "9th Novi Sad it"]
[Site "Novi Sad"]
[Date "1982.10.15"]
[EventDate "1982.10.08"]
[Round "7.4"]
[White "Kurajica, Bojan"]
[Black "Quinteros, Miguel Angel"]
[Result "1/2-1/2"]
[WhiteElo "2545"]
[BlackElo "2520"]
[PlyCount "45"]
[Source "Perpetual Check"]

1. d4 Nf6 2. Nf3 g6 3. g3 Bg7 4. Bg2 O-O 5. O-O d6 6. Nc3 Nc6 7. d5 Nb8 8. h3
c5 9. e4 Na6 10. Re1 Nc7 11. e5 Nfe8 12. a4 b6 13. Na2 Bb7 14. c4 dxe5 15. Nxe5
Nd6 16. b3 e6 17. Nc3 exd5 18. Nxd5 Nxd5 19. cxd5 Re8 20. Bb2 Qc7 21. Qd3 Rad8
22. Rad1 f5 23. f4 1/2-1/2

[Event "9th Novi Sad it"]
[Site "Novi Sad"]
[Date "1982.10.15"]
[EventDate "1982.10.08"]
[Round "7.5"]
[White "Popovic, Petar"]
[Black "Romanishin, Oleg"]
[Result "1-0"]
[WhiteElo "2460"]
[BlackElo "2585"]
[PlyCount "117"]
[Source "Perpetual Check"]

1. e4 c5 2. Nf3 e6 3. d4 cxd4 4. Nxd4 Nc6 5. Nc3 a6 6. g3 Qc7 7. Bg2 Nf6 8. O-O
h6 9. Nb3 d6 10. a4 Be7 11. f4 Bd7 12. a5 b5 13. axb6 Qxb6+ 14. Kh1 Rc8 15. Qe2
Nb4 16. Be3 Qc7 17. Nd4 Qc4 18. Qd2 O-O 19. h3 Rfd8 20. Qf2 e5 21. Nb3 Re8 22.
Rad1 Be6 23. f5 Bd7 24. g4 Nxc2 25. Qxc2 Ba4 26. Qf2 Bxb3 27. Rc1 Qb4 28. Rg1
Rxc3 29. bxc3 Qc4 30. Qg3 Nh7 31. Bf1 Qc6 32. c4 Ng5 33. Qg2 Qxe4 34. Bxg5
Qxg2+ 35. Bxg2 Bxg5 36. Rc3 Ba4 37. Ra1 Bd7 38. Rxa6 e4 39. Rc2 Bf4 40. Rca2 e3
41. Bf3 Kh7 42. Kg2 g6 43. Ra7 Rd8 44. Be4 Kg7 45. fxg6 Be6 46. Kf3 Bg5 47. Rc7
Kf6 48. Rh2 Bh4 49. gxf7 Bxf7 50. Kxe3 Re8 51. Kf3 Rf8 52. Re2 Be6 53. Kg2 Re8
54. Bf3 Rb8 55. Bd5 Bxd5+ 56. cxd5 Rb5 57. Re6+ Kg5 58. Rg7+ Kf4 59. Rf7+ 1-0

[Event "9th Novi Sad it"]
[Site "Novi Sad"]
[Date "1982.10.15"]
[EventDate "1982.10.08"]
[Round "7.6"]
[White "Gligoric, Svetozar"]
[Black "Suetin, Alexei"]
[Result "1/2-1/2"]
[WhiteElo "2530"]
[BlackElo "2435"]
[PlyCount "72"]
[Source "Perpetual Check"]

1. d4 Nf6 2. c4 c5 3. d5 d6 4. Nc3 g6 5. e4 Bg7 6. Nf3 O-O 7. h3 b5 8. cxb5 a6
9. a4 axb5 10. Bxb5 Ne8 11. O-O Nc7 12. Bc4 Ba6 13. Qe2 Bxc4 14. Qxc4 Nd7 15.
Re1 Qb8 16. Bd2 Nb6 17. Qd3 Na6 18. Qb5 Qa7 19. Qe2 Qb7 20. Bf4 Nb4 21. Red1
Qa6 22. Qd2 Nc4 23. Qc1 Na5 24. Qb1 Qc4 25. Bg5 Ra7 26. Ra3 Rd7 27. Nd2 Qd3 28.
Nb5 Qxb1 29. Rxb1 f5 30. f3 Nc2 31. Ra2 Nb4 32. Ra3 Rb7 33. b3 Nc2 34. Ra2 Nb4
35. Ra3 Nc2 36. Ra2 Nb4 1/2-1/2

[Event "9th Novi Sad it"]
[Site "Novi Sad"]
[Date "1982.10.15"]
[EventDate "1982.10.08"]
[Round "7.7"]
[White "Nikolic, Predrag"]
[Black "Deze, Anton"]
[Result "1-0"]
[WhiteElo "2530"]
[BlackElo "2435"]
[PlyCount "64"]
[Source "Perpetual Check"]

1. Nf3 c5 2. c4 Nf6 3. g3 b6 4. Bg2 Bb7 5. O-O e6 6. Nc3 Be7 7. d4 cxd4 8. Qxd4
d6 9. Bg5 a6 10. Bxf6 Bxf6 11. Qd3 Bxf3 12. exf3 Ra7 13. f4 O-O 14. Rad1 Bxc3
15. Qxc3 Rd7 16. h4 Qc7 17. h5 h6 18. f5 exf5 19. Rd5 f4 20. gxf4 Re7 21. Rfd1
Re6 22. f5 Rf6 23. Qg3 Rd8 24. b4 Nc6 25. c5 Nxb4 26. Rxd6 Rfxd6 27. cxd6 Qc2
28. Rd4 Qc1+ 29. Kh2 Nc2 30. Rc4 Qb2 31. d7 Rxd7 32. Rc8+ Rd8 1-0

[Event "9th Novi Sad it"]
[Site "Novi Sad"]
[Date "1982.10.16"]
[EventDate "1982.10.08"]
[Round "8.1"]
[White "Gheorghiu, Florin"]
[Black "Deze, Anton"]
[Result "1/2-1/2"]
[WhiteElo "2535"]
[BlackElo "2435"]
[PlyCount "42"]
[Source "Perpetual Check"]

1. Nf3 c5 2. c4 Nf6 3. Nc3 e6 4. g3 b6 5. Bg2 Bb7 6. O-O Be7 7. d4 cxd4 8. Qxd4
d6 9. Bg5 a6 10. Bxf6 Bxf6 11. Qd3 O-O 12. Rad1 Bxc3 13. Qxc3 Bxf3 14. Qxf3 Ra7
15. Rd4 Rd7 16. Rfd1 Qc7 17. b3 a5 18. h4 Rc8 19. Rg4 f5 20. Rg5 Nc6 21. Qe3
Ne5 1/2-1/2

[Event "9th Novi Sad it"]
[Site "Novi Sad"]
[Date "1982.10.16"]
[EventDate "1982.10.08"]
[Round "8.2"]
[White "Suetin, Alexei"]
[Black "Nikolic, Predrag"]
[Result "0-1"]
[WhiteElo "2435"]
[BlackElo "2530"]
[PlyCount "166"]
[Source "Perpetual Check"]

1. e4 e5 2. Nf3 Nc6 3. Bb5 a6 4. Ba4 Nf6 5. O-O Be7 6. Re1 b5 7. Bb3 d6 8. c3
O-O 9. a3 h6 10. d4 Bg4 11. Be3 Bh5 12. h3 Bg6 13. Bc1 Re8 14. Nbd2 Bf8 15. d5
Ne7 16. Nh4 Bh7 17. Qf3 c6 18. dxc6 d5 19. exd5 e4 20. Qe2 Nexd5 21. Nf1 Qc7
22. g3 Qxc6 23. a4 b4 24. a5 Qc8 25. c4 Nc7 26. Kh2 Ne6 27. Be3 Ng5 28. Bxg5
hxg5 29. Ng2 Nd7 30. Nge3 Nc5 31. Ba4 Re6 32. Red1 Rb8 33. Rd5 Rh6 34. Qg4 Rf6
35. Qxc8 Rxc8 36. Kg2 Nd3 37. Ng4 Rd6 38. Rxg5 Nxb2 39. Bb3 Nd3 40. Nfe3 Rc5
41. Nd5 Rg6 42. Rxg6 Bxg6 43. Nge3 Bd6 44. Kf1 f6 45. Bc2 Be5 46. Ra4 Be8 47.
Rxb4 Nxb4 48. Nxb4 Rxa5 49. Bxe4 Ra1+ 50. Ke2 a5 51. Nbc2 Rb1 52. c5 Rb5 53. f4
Bb8 54. c6 Rc5 55. Nd4 Bf7 56. Bc2 Kf8 57. Kd2 Bc7 58. h4 Bb6 59. Ba4 g6 60. g4
Ke7 61. Bc2 Be8 62. Ba4 Bc7 63. f5 Bf4 64. Kd3 Bxe3 65. Kxe3 Rc3+ 66. Ke4 Rc4
67. Bb5 gxf5+ 68. Kd3 Rc5 69. Nxf5+ Ke6 70. Ng7+ Kf7 71. Nxe8 Kxe8 72. Ba4 Kd8
73. Kd4 Rc1 74. Kd5 Kc7 75. h5 Rg1 76. Bc2 Rg2 77. Bg6 a4 78. Ke4 a3 79. Kf3 a2
80. Kxg2 a1=Q 81. h6 Qb2+ 82. Kg3 Qc3+ 83. Kf4 Qd2+ 0-1

[Event "9th Novi Sad it"]
[Site "Novi Sad"]
[Date "1982.10.16"]
[EventDate "1982.10.08"]
[Round "8.3"]
[White "Romanishin, Oleg"]
[Black "Gligoric, Svetozar"]
[Result "1-0"]
[WhiteElo "2585"]
[BlackElo "2530"]
[PlyCount "133"]
[Source "Perpetual Check"]

1. e4 e5 2. Nf3 Nc6 3. Bb5 a6 4. Ba4 Nf6 5. O-O Be7 6. Re1 b5 7. Bb3 d6 8. c3
O-O 9. h3 Bb7 10. d4 Re8 11. Nbd2 Bf8 12. a3 h6 13. Bc2 Nb8 14. b4 Nbd7 15. Bb2
c5 16. Rb1 c4 17. d5 g6 18. Nf1 Bg7 19. Ng3 Nb6 20. Bc1 Qc7 21. Nh2 Rad8 22.
Be3 Nbxd5 23. exd5 Nxd5 24. Bd2 Nf6 25. Qc1 h5 26. Bh6 Bh8 27. Ne4 Nxe4 28.
Bxe4 d5 29. Bf3 Re6 30. Nf1 Rde8 31. a4 d4 32. Bxb7 Qxb7 33. Ng3 e4 34. cxd4
Bxd4 35. Be3 Bg7 36. Rd1 Qc7 37. axb5 axb5 38. Rd5 Qc6 39. Qd1 Ra8 40. Ne2 Ra3
41. Nf4 Re8 42. Rd6 Qa8 43. Bd4 Rd3 44. Nxd3 exd3 45. Bxg7 Kxg7 46. Ra1 Qb7 47.
Qd2 Qe7 48. Qc3+ Qe5 49. Qxe5+ Rxe5 50. Rd1 Re2 51. Rd5 Rb2 52. Rxb5 c3 53.
Rxd3 c2 54. Rc5 Rb1+ 55. Kh2 c1=Q 56. Rxc1 Rxc1 57. Rb3 Rc6 58. b5 Rb6 59. Kg3
Kf6 60. Kf4 Ke6 61. Kg5 Ke7 62. f4 Kd7 63. g3 Ke7 64. f5 Kd7 65. fxg6 fxg6 66.
Re3 Rxb5+ 67. Kxg6 1-0

[Event "9th Novi Sad it"]
[Site "Novi Sad"]
[Date "1982.10.16"]
[EventDate "1982.10.08"]
[Round "8.4"]
[White "Quinteros, Miguel Angel"]
[Black "Popovic, Petar"]
[Result "0-1"]
[WhiteElo "2520"]
[BlackElo "2460"]
[PlyCount "66"]
[Source "Perpetual Check"]

1. e4 c5 2. Nf3 d6 3. d4 cxd4 4. Nxd4 Nf6 5. Nc3 Nc6 6. Bc4 e6 7. Be3 a6 8. Bb3
Be7 9. Qe2 Qc7 10. O-O-O Na5 11. g4 b5 12. g5 Nxb3+ 13. axb3 Nd7 14. h4 b4 15.
Na4 Nc5 16. h5 Bd7 17. Kb1 Bxa4 18. bxa4 Qb7 19. g6 Bf6 20. gxf7+ Kxf7 21. e5
dxe5 22. Nb3 Nxa4 23. Qg4 Rac8 24. h6 Qc6 25. Ka1 Nc3 26. Nc5 Nxd1 27. Rxd1
Rhd8 28. hxg7 Rxd1+ 29. Qxd1 Bxg7 30. Qh5+ Kg8 31. Qg4 Qh1+ 32. Ka2 Qd5+ 33.
Nb3 a5 0-1

[Event "9th Novi Sad it"]
[Site "Novi Sad"]
[Date "1982.10.16"]
[EventDate "1982.10.08"]
[Round "8.5"]
[White "Razuvaev, Yury"]
[Black "Kurajica, Bojan"]
[Result "1/2-1/2"]
[WhiteElo "2495"]
[BlackElo "2545"]
[PlyCount "113"]
[Source "Perpetual Check"]

1. d4 Nf6 2. c4 e6 3. g3 d5 4. Nf3 dxc4 5. Bg2 Bb4+ 6. Bd2 Be7 7. O-O O-O 8.
Qc2 a6 9. a4 Nbd7 10. Na3 c5 11. Nxc4 Nd5 12. dxc5 Bxc5 13. Ng5 g6 14. Ne4 Bd4
15. Bh6 Bg7 16. Bxg7 Kxg7 17. Rfd1 Qc7 18. b3 N7b6 19. Qb2+ f6 20. Ned6 Nxc4
21. Nxc4 Bd7 22. Bxd5 exd5 23. Ne3 Be6 24. Nxd5 Bxd5 25. Rxd5 Rad8 26. Rad1
Rxd5 27. Rxd5 Rd8 28. e4 Rxd5 29. exd5 Qc5 30. Qd2 Kf7 31. h4 Qd6 32. Qd4 Ke7
33. a5 Kd7 34. b4 Qe5 35. Qc5 f5 36. Qc4 Kd6 37. Qc5+ Kd7 38. Kf1 Qe4 39. Kg1
Qe1+ 40. Kh2 Qe5 41. b5 axb5 42. Qxb5+ Kc8 43. a6 bxa6 44. Qxa6+ Kd8 45. Qa8+
Ke7 46. Qg8 Qd4 47. Qxh7+ Kf8 48. Qh6+ Kf7 49. Qf4 Qxd5 50. g4 Kg7 51. gxf5
gxf5 52. h5 Kh7 53. Kg3 Qg8+ 54. Kh3 Qd5 55. Kg3 Qg8+ 56. Kh3 Qd5 57. f3
1/2-1/2

[Event "9th Novi Sad it"]
[Site "Novi Sad"]
[Date "1982.10.16"]
[EventDate "1982.10.08"]
[Round "8.6"]
[White "Van der Wiel, John"]
[Black "Bjelajac, Milan"]
[Result "1-0"]
[WhiteElo "2520"]
[BlackElo "2400"]
[PlyCount "65"]
[Source "Perpetual Check"]

1. e4 c5 2. Nf3 Nf6 3. e5 Nd5 4. Nc3 Nxc3 5. dxc3 Nc6 6. Bf4 e6 7. Qe2 Qa5 8.
Nd2 Qc7 9. Nc4 f6 10. Nd6+ Bxd6 11. exd6 Qa5 12. h4 Qa4 13. Be3 b6 14. Qh5+ g6
15. Qh6 Bb7 16. h5 O-O-O 17. hxg6 hxg6 18. Qxh8 Rxh8 19. Rxh8+ Nd8 20. O-O-O
Qxa2 21. f3 e5 22. Be2 Ba6 23. Bxa6+ Qxa6 24. Bh6 Qa2 25. Rf8 b5 26. Bg7 b4 27.
Bxf6 Qa1+ 28. Kd2 Qxb2 29. Rxd8+ Kb7 30. Bxe5 Kc6 31. Rc8+ Kb6 32. f4 Ka6 33.
c4 1-0

[Event "9th Novi Sad it"]
[Site "Novi Sad"]
[Date "1982.10.16"]
[EventDate "1982.10.08"]
[Round "8.7"]
[White "Ribli, Zoltan"]
[Black "Smejkal, Jan"]
[Result "1/2-1/2"]
[WhiteElo "2580"]
[BlackElo "2565"]
[PlyCount "115"]
[Source "Perpetual Check"]

1. Nf3 Nf6 2. c4 g6 3. Nc3 d5 4. cxd5 Nxd5 5. h4 h6 6. e4 Nxc3 7. bxc3 Bg7 8.
d4 c5 9. Rb1 O-O 10. Be2 Nd7 11. O-O e5 12. h5 exd4 13. hxg6 fxg6 14. cxd4 cxd4
15. Nxd4 Nc5 16. Be3 Nxe4 17. Qc2 Qh4 18. Bf3 Ng5 19. Bxb7 Bxb7 20. Rxb7 Qe4
21. Qc4+ Rf7 22. Rc7 Raf8 23. Rxa7 Bxd4 24. Rxf7 Nxf7 25. Bxd4 Rd8 26. Rd1 h5
27. a4 h4 28. Rd3 Rd5 29. Qc3 Rg5 30. Rf3 Qg4 31. g3 hxg3 32. fxg3 Rd5 33. Bf2
Ng5 34. Re3 Rd1+ 35. Be1 Rxe1+ 36. Qxe1 Nf3+ 37. Rxf3 Qxf3 38. Qe8+ Kg7 39.
Qe5+ Kg8 40. a5 Qd1+ 41. Kg2 Qc2+ 42. Kh3 Qc8+ 43. g4 Qd8 44. Qc3 Qd5 45. a6
Qh1+ 46. Kg3 Qg1+ 47. Kh4 Qh1+ 48. Kg5 Qd5+ 49. Kh6 Qh1+ 50. Kxg6 Qb1+ 51. Kh5
Qh1+ 52. Kg5 Qd5+ 53. Kh4 Qh1+ 54. Kg5 Qd5+ 55. Kf4 Qd6+ 56. Qe5 Qxa6 57. Kg5
Qc6 58. Qf4 1/2-1/2

[Event "9th Novi Sad it"]
[Site "Novi Sad"]
[Date "1982.10.18"]
[EventDate "1982.10.08"]
[Round "9.1"]
[White "Smejkal, Jan"]
[Black "Gheorghiu, Florin"]
[Result "1-0"]
[WhiteElo "2565"]
[BlackElo "2535"]
[PlyCount "113"]
[Source "Perpetual Check"]

1. c4 c5 2. Nf3 Nf6 3. Nc3 e6 4. g3 b6 5. Bg2 Bb7 6. O-O Be7 7. b3 O-O 8. Bb2
d6 9. d3 a6 10. e4 Nc6 11. d4 cxd4 12. Nxd4 Nxd4 13. Qxd4 Rb8 14. Rfd1 Qc7 15.
a4 Rfd8 16. Ba3 Bf8 17. Rd2 Qc8 18. Qe3 Ng4 19. Qe2 Ne5 20. Rad1 Qc7 21. f4 Nc6
22. Rd3 Na5 23. Qc2 Ba8 24. R1d2 Bc6 25. Nb5 Bxb5 26. cxb5 Qxc2 27. Rxc2 axb5
28. axb5 Nb7 29. b4 Rdc8 30. Rdc3 Rxc3 31. Rxc3 g6 32. Rc7 Bg7 33. e5 d5 34.
Bc1 Bf8 35. Bd2 Nd8 36. Kf1 Rb7 37. Rc8 Be7 38. g4 f5 39. exf6 Bxf6 40. Be3 Kf7
41. Ra8 Ke7 42. f5 Nf7 43. Ra6 gxf5 44. gxf5 Nd6 45. Bxb6 Nxf5 46. Bc5+ Kf7 47.
b6 Rb8 48. Ra7+ Kg6 49. Bh3 Bd8 50. Bxf5+ exf5 51. Rd7 Bg5 52. b7 Bf4 53. Ba7
Re8 54. b5 Bxh2 55. b6 Kf6 56. Rxh7 Bb8 57. Rc7 1-0

[Event "9th Novi Sad it"]
[Site "Novi Sad"]
[Date "1982.10.18"]
[EventDate "1982.10.08"]
[Round "9.2"]
[White "Bjelajac, Milan"]
[Black "Ribli, Zoltan"]
[Result "1/2-1/2"]
[WhiteElo "2400"]
[BlackElo "2580"]
[PlyCount "47"]
[Source "Perpetual Check"]

1. e4 c5 2. c3 d5 3. exd5 Qxd5 4. d4 Nf6 5. Nf3 e6 6. Be2 cxd4 7. cxd4 Nc6 8.
O-O Be7 9. Nc3 Qd6 10. Bg5 O-O 11. Rc1 Rd8 12. Nb5 Qd7 13. Ne5 Nxe5 14. dxe5
Nd5 15. Qd2 a6 16. Bxe7 Qxe7 17. Nd6 b5 18. Rc5 Bb7 19. Rfc1 Rab8 20. f4 h6 21.
Bf3 Ba8 22. f5 b4 23. Bh5 Rf8 24. Bf3 1/2-1/2

[Event "9th Novi Sad it"]
[Site "Novi Sad"]
[Date "1982.10.18"]
[EventDate "1982.10.08"]
[Round "9.3"]
[White "Kurajica, Bojan"]
[Black "Van der Wiel, John"]
[Result "1/2-1/2"]
[WhiteElo "2545"]
[BlackElo "2520"]
[PlyCount "36"]
[Source "Perpetual Check"]

1. e4 c5 2. Nf3 d6 3. d4 Nf6 4. Nc3 cxd4 5. Nxd4 Nc6 6. Nb3 e6 7. f4 a6 8. Bd3
b5 9. Qf3 Bb7 10. Be3 Nb4 11. g4 d5 12. exd5 Nxd3+ 13. cxd3 Nxd5 14. Nc5 Bxc5
15. Bxc5 Qh4+ 16. Kd2 O-O-O 17. Bf2 Qf6 18. Rhc1 Kb8 1/2-1/2

[Event "9th Novi Sad it"]
[Site "Novi Sad"]
[Date "1982.10.18"]
[EventDate "1982.10.08"]
[Round "9.4"]
[White "Popovic, Petar"]
[Black "Razuvaev, Yury"]
[Result "0-1"]
[WhiteElo "2460"]
[BlackElo "2495"]
[PlyCount "94"]
[Source "Perpetual Check"]

1. e4 c5 2. Nf3 e6 3. d4 cxd4 4. Nxd4 Nf6 5. Nc3 d6 6. g3 Nc6 7. Bg2 Bd7 8. O-O
Be7 9. Nb3 a6 10. g4 h6 11. Qe2 g5 12. h3 Ne5 13. f4 gxf4 14. Bxf4 Qc7 15. a4
Bc6 16. a5 Nfd7 17. Nd4 Ng6 18. Be3 Nde5 19. Nf3 Nxf3+ 20. Qxf3 Bg5 21. Bb6 Qe7
22. Rad1 Bf4 23. Ne2 Be5 24. Nd4 Nh4 25. Qf2 Rg8 26. Nxc6 bxc6 27. c3 Kf8 28.
Be3 Rg6 29. Kh1 Rb8 30. Rg1 Nxg2 31. Rxg2 c5 32. h4 Qf6 33. Rf1 Qxf2 34. Rfxf2
Kg7 35. h5 Rf6 36. Rxf6 Bxf6 37. Bf4 Be5 38. Bxe5+ dxe5 39. Kh2 Rb5 40. Kg3
Rxa5 41. Kh4 Ra1 42. Kg3 a5 43. Rf2 a4 44. Kf3 c4 45. Rd2 a3 46. bxa3 Rxa3 47.
Rc2 Ra1 0-1

[Event "9th Novi Sad it"]
[Site "Novi Sad"]
[Date "1982.10.18"]
[EventDate "1982.10.08"]
[Round "9.5"]
[White "Gligoric, Svetozar"]
[Black "Quinteros, Miguel Angel"]
[Result "0-1"]
[WhiteElo "2530"]
[BlackElo "2520"]
[PlyCount "58"]
[Source "Perpetual Check"]

1. d4 Nf6 2. c4 g6 3. Nc3 Bg7 4. e4 d6 5. Be2 O-O 6. Nf3 e5 7. O-O Nc6 8. d5
Ne7 9. Ne1 Nd7 10. Nd3 f5 11. Bd2 Nf6 12. f3 f4 13. c5 g5 14. Rc1 Ng6 15. cxd6
cxd6 16. Nb5 Rf7 17. Nf2 a6 18. Na3 b5 19. Qe1 h5 20. Ba5 Qf8 21. h3 g4 22.
fxg4 hxg4 23. Nxg4 Bxg4 24. Bxg4 Nxg4 25. hxg4 Bf6 26. Qe2 Bh4 27. Rc3 Bg3 28.
g5 Qe7 29. Qh5 Qa7+ 0-1

[Event "9th Novi Sad it"]
[Site "Novi Sad"]
[Date "1982.10.18"]
[EventDate "1982.10.08"]
[Round "9.6"]
[White "Nikolic, Predrag"]
[Black "Romanishin, Oleg"]
[Result "1-0"]
[WhiteElo "2530"]
[BlackElo "2585"]
[PlyCount "109"]
[Source "Perpetual Check"]

1. d4 Nf6 2. Nf3 g6 3. c4 Bg7 4. g3 d5 5. Bg2 dxc4 6. Na3 O-O 7. Nxc4 Be6 8. b3
a5 9. O-O a4 10. Ng5 Bc8 11. bxa4 h6 12. Nf3 Be6 13. Nfe5 c6 14. Rb1 Ra7 15.
Qc2 Nbd7 16. Rd1 Qa8 17. a5 Nxe5 18. dxe5 Nd7 19. f4 b5 20. Nb6 Nxb6 21. axb6
Rxa2 22. Qxc6 Qa4 23. Re1 Qd4+ 24. e3 Rxg2+ 25. Qxg2 Qxb6 26. Qf2 Ra8 27. e4
Qc6 28. Bb2 Bc4 29. Bd4 e6 30. Bc5 Bd3 31. Rbd1 Bxe4 32. Rd6 Qb7 33. Rb6 Qd5
34. Qd4 Qxd4+ 35. Bxd4 Bd3 36. Bc5 Rc8 37. Bd6 Ra8 38. Re3 Bc4 39. Ra3 Rxa3 40.
Bxa3 g5 41. Rb7 h5 42. Kf2 gxf4 43. gxf4 Bh6 44. Ke3 Kg7 45. h4 Kg6 46. Be7 Bf1
47. Rb8 Bc4 48. Bg5 Bg7 49. Kd4 Be2 50. Kc5 Bc4 51. Rg8 Kh7 52. Rd8 Kg6 53. Rb8
f6 54. exf6 Bxf6 55. f5+ 1-0